MARC details
| 000 -LEADER |
| fixed length control field |
00931nam a22002537a 4500 |
| 003 - CONTROL NUMBER IDENTIFIER |
| control field |
OSt |
| 005 - DATE AND TIME OF LATEST TRANSACTION |
| control field |
20251027011805.0 |
| 008 - FIXED-LENGTH DATA ELEMENTS--GENERAL INFORMATION |
| fixed length control field |
251027b |||||||| |||| 00| 0 eng d |
| 020 ## - INTERNATIONAL STANDARD BOOK NUMBER |
| International Standard Book Number |
0-13-239886-9 |
| 040 ## - CATALOGING SOURCE |
| Original cataloging agency |
DWCL-Admin lib |
| Transcribing agency |
OC |
| 082 ## - DEWEY DECIMAL CLASSIFICATION NUMBER |
| Edition number |
2nd ed. |
| Classification number |
Circ. 174.2 G946 2007 |
| 100 ## - MAIN ENTRY--PERSONAL NAME |
| Personal name |
Gladding, Samuel T. |
| 245 ## - TITLE STATEMENT |
| Title |
A guide to ethical conduct for the helping professions / |
| Statement of responsibility, etc. |
Samuel T. Gladding |
| 260 ## - PUBLICATION, DISTRIBUTION, ETC. |
| Place of publication, distribution, etc. |
N.J. : |
| Name of publisher, distributor, etc. |
Pearson/Merill/Prentice Hall, |
| Date of publication, distribution, etc. |
c2007. |
| 300 ## - PHYSICAL DESCRIPTION |
| Extent |
iii, 90. ; |
| Dimensions |
28 cm. |
| 504 ## - BIBLIOGRAPHY, ETC. NOTE |
| Bibliography, etc. note |
Includes bibliographical references. |
| 650 ## - SUBJECT ADDED ENTRY--TOPICAL TERM |
| Topical term or geographic name entry element |
1. Counseling-Moral and ethical aspects. |
| 650 ## - SUBJECT ADDED ENTRY--TOPICAL TERM |
| Topical term or geographic name entry element |
2. Counselors-Professional ethics. |
| 650 ## - SUBJECT ADDED ENTRY--TOPICAL TERM |
| Topical term or geographic name entry element |
3. Psychotherapists- Professional ethics. |
| 650 ## - SUBJECT ADDED ENTRY--TOPICAL TERM |
| Topical term or geographic name entry element |
4. Psychotherapy-Moral and ethical aspects |
| 650 ## - SUBJECT ADDED ENTRY--TOPICAL TERM |
| Topical term or geographic name entry element |
5. Social service- Moral and ethical aspects. |
| 650 ## - SUBJECT ADDED ENTRY--TOPICAL TERM |
| Topical term or geographic name entry element |
6. Social workers- Professional ethics. |
| 942 ## - ADDED ENTRY ELEMENTS (KOHA) |
| Source of classification or shelving scheme |
Dewey Decimal Classification |
| Koha item type |
Book Circulation |
| Call number prefix |
Circ. |
| Suppress in OPAC |
No |
| 952 ## - LOCATION AND ITEM INFORMATION (KOHA) |
| -- |
|